Automatizácia plánovacích činností na SlPK

Guardado en:
Detalles Bibliográficos
Autor principal: Grell, Michal
Otros Autores: Inovecký, Roman
Formato: Capítulo de libro
Lenguaje:eslovaco
Etiquetas: Agregar Etiqueta
Sin Etiquetas, Sea el primero en etiquetar este registro!

MARC

LEADER 00000naa$a2200000$$$4500
001 0112271
005 20240502083259.1
041 0 |a slo 
044 |a CZ 
245 1 0 |a Automatizácia plánovacích činností na SlPK  |c Michal Grell, Roman Inovecký 
100 1 |a Grell, Michal 
700 1 |a Inovecký, Roman